[Event "Noisiel 5th op"]
[Site "Noisiel"]
[Date "2020.02.18"]
[Round "6"]
[White "Le Pen, Steven"]
[Black "Deodhar, Vrushali Umesh"]
[Result "1-0"]
[WhiteElo "2047"]
[BlackElo "1880"]
[PlyCount "131"]
[EventDate "2020.02.15"]
[EventType "swiss"]
[EventRounds "9"]
[EventCountry "FRA"]

1. e4 e6 2. d4 d5 3. Nc3 Bb4 4. exd5 exd5 5. Bd3 Nf6 6. Nge2 O-O 7. O-O Nc6 8.
a3 Be7 9. h3 Ne8 10. Nf4 Be6 11. Re1 Qd7 12. Be3 Bf6 13. Ncxd5 Bxd5 14. Qh5 g6
15. Qxd5 Qxd5 16. Nxd5 Bxd4 17. Ne7+ Nxe7 18. Bxd4 Nc6 19. Bc5 Nd6 20. Bxd6
cxd6 21. Be4 Rfe8 22. Rad1 Rad8 23. Bxc6 Rxe1+ 24. Rxe1 bxc6 25. Re7 Rb8 26. b3
a5 27. Rc7 Rb6 28. Kf1 Kg7 29. Ke2 Kf6 30. Kd3 Ra6 31. a4 Ke6 32. Ke4 h5 33. g4
hxg4 34. hxg4 c5 35. Kd3 Rb6 36. Ra7 Rb4 37. Rxa5 Rxg4 38. Rb5 Kd5 39. a5 Kc6
40. a6 Kxb5 41. a7 Kb4 42. a8=Q Rd4+ 43. Ke3 Kc3 44. Qf3 f5 45. Qg2 Kxc2 46.
Qxg6 Rd3+ 47. Ke2 Rd2+ 48. Kf1 Kxb3 49. Qxf5 c4 50. Qb5+ Kc3 51. f4 Rd4 52. f5
d5 53. Ke2 Re4+ 54. Kf3 Kd4 55. Qb6+ Kd3 56. f6 Re1 57. Qf2 Re8 58. f7 Rd8 59.
Qe2+ Kc3 60. Qe7 Ra8 61. Qe3+ Kc2 62. Qd4 Rd8 63. Ke3 c3 64. Qa4+ Kb2 65. Kd3
d4 66. Qb5+ 1-0

[Event "Noisiel 5th op"]
[Site "Noisiel"]
[Date "2020.02.18"]
[Round "6"]
[White "Nair, Sanjeev"]
[Black "Mekhane, Adam"]
[Result "1-0"]
[WhiteElo "2172"]
[BlackElo "2021"]
[PlyCount "69"]
[EventDate "2020.02.15"]
[EventType "swiss"]
[EventRounds "9"]
[EventCountry "FRA"]

1. e4 c5 2. Nf3 Nc6 3. d4 cxd4 4. Nxd4 Nf6 5. Nc3 d6 6. g3 e5 7. Nde2 Be7 8.
Bg2 O-O 9. O-O Be6 10. Nd5 Bxd5 11. exd5 Nb8 12. c4 Nbd7 13. b3 a6 14. h3 Ne8
15. f4 exf4 16. Bxf4 Bg5 17. Qd2 Bxf4 18. Rxf4 Nef6 19. Raf1 Re8 20. Nd4 Re5
21. Kh2 Qe7 22. Nf5 Qf8 23. Qb4 Nc5 24. Qb6 Rd8 25. Nh6+ gxh6 26. Rxf6 Re2 27.
Rxf7 Qe8 28. R7f2 Rxf2 29. Rxf2 Rd7 30. b4 Nd3 31. Rd2 Ne1 32. Qd4 Re7 33. Rf2
Re2 34. Qg4+ Kh8 35. Rxe2 1-0

[Event "Noisiel 5th op"]
[Site "Noisiel"]
[Date "2020.02.18"]
[Round "6"]
[White "Gherghinoiu, Lucas"]
[Black "Brehaut, Carl"]
[Result "1-0"]
[WhiteElo "2120"]
[BlackElo "1918"]
[PlyCount "71"]
[EventDate "2020.02.15"]
[EventType "swiss"]
[EventRounds "9"]
[EventCountry "FRA"]

1. e4 c6 2. d4 d5 3. exd5 cxd5 4. Bd3 Nc6 5. c3 Nf6 6. Bf4 e6 7. Nf3 Be7 8. O-O
O-O 9. Ne5 Bd7 10. Nd2 Rc8 11. Qf3 a6 12. Rae1 g6 13. Bh6 Re8 14. g4 Bf8 15.
Bg5 Be7 16. Bxf6 Bxf6 17. Nxd7 Bg5 18. h4 Bxd2 19. Nf6+ Kh8 20. Re2 Bh6 21.
Nxe8 Qxe8 22. Kg2 Qe7 23. Qg3 Rf8 24. f4 f5 25. h5 gxh5 26. g5 Rg8 27. Qf3 Qf7
28. Rh1 Rg6 29. Kf1 Bf8 30. Qxh5 Qc7 31. Qxg6 Qxf4+ 32. Rf2 Qc1+ 33. Ke2 Qxh1
34. Qf6+ Bg7 35. Qf7 h6 36. Qe8+ 1-0

[Event "Noisiel 5th op"]
[Site "Noisiel"]
[Date "2020.02.18"]
[Round "6"]
[White "Bellaiche, Elise"]
[Black "Noblecourt, Nicolas"]
[Result "1-0"]
[WhiteElo "2033"]
[BlackElo "1918"]
[PlyCount "101"]
[EventDate "2020.02.15"]
[EventType "swiss"]
[EventRounds "9"]
[EventCountry "FRA"]

1. e4 g6 2. d4 Nf6 3. Nc3 d5 4. e5 Ne4 5. Nce2 f6 6. f3 Ng5 7. Bxg5 fxg5 8. Qd2
g4 9. O-O-O Bg7 10. Kb1 O-O 11. h3 gxf3 12. Nxf3 Nc6 13. Ng3 Qe8 14. h4 Qf7 15.
h5 Qf4 16. Qe1 Bg4 17. hxg6 hxg6 18. Be2 Bxf3 19. Bxf3 e6 20. Ne2 Qg5 21. Rh4
Ne7 22. Rg4 Qh6 23. Ng3 Rf4 24. Qb4 Rxg4 25. Bxg4 Nf5 26. Bxf5 gxf5 27. Qxb7
Rf8 28. Qxc7 Qh2 29. Qc3 f4 30. Nf1 Qxg2 31. Qd2 Qh3 32. Qf2 a5 33. a3 Qg4 34.
Rd3 Rf5 35. Nh2 Qh5 36. Nf3 Qh1+ 37. Ka2 a4 38. Qd2 Bf8 39. Qa5 Rh5 40. Qxa4
Rh3 41. Qb3 Qc1 42. Qb6 Rh6 43. Rc3 Qf1 44. Qc6 Rg6 45. Qe8 Rg3 46. Qxe6+ Kh7
47. Qxd5 Bg7 48. Qe4+ Kg8 49. Qxf4 Rg6 50. Rc8+ Kh7 51. Ng5+ 1-0

[Event "Noisiel 5th op"]
[Site "Noisiel"]
[Date "2020.02.18"]
[Round "6"]
[White "Olivier, Philippe"]
[Black "Roebers, Eline"]
[Result "0-1"]
[WhiteElo "1919"]
[BlackElo "2129"]
[PlyCount "58"]
[EventDate "2020.02.15"]
[EventType "swiss"]
[EventRounds "9"]
[EventCountry "FRA"]

1. e4 c5 2. Nf3 Nc6 3. Bb5 g6 4. O-O Bg7 5. c3 e5 6. Re1 Nge7 7. h3 O-O 8. d3
d6 9. Be3 h6 10. d4 cxd4 11. cxd4 f5 12. Nc3 f4 13. Bc1 Nxd4 14. Nxd4 exd4 15.
Ne2 f3 16. Nxd4 fxg2 17. Kxg2 Kh7 18. Be3 d5 19. Bd3 Nc6 20. Nf3 Ne5 21. Nxe5
Bxe5 22. exd5 Qxd5+ 23. f3 Bxh3+ 24. Kf2 Rad8 25. Rh1 Qe6 26. Qe2 Rxd3 27. Qxd3
Rxf3+ 28. Ke2 Bf4 29. Rxh3 Rxh3 0-1

[Event "Noisiel 5th op"]
[Site "Noisiel"]
[Date "2020.02.18"]
[Round "6"]
[White "Yuan, Beline"]
[Black "Triger, Franck"]
[Result "1-0"]
[WhiteElo "1923"]
[BlackElo "1961"]
[PlyCount "83"]
[EventDate "2020.02.15"]
[EventType "swiss"]
[EventRounds "9"]
[EventCountry "FRA"]

1. d4 d5 2. c4 e6 3. Nc3 Nf6 4. Bg5 Nbd7 5. e3 Be7 6. Nf3 O-O 7. Rc1 c6 8. Bd3
a6 9. cxd5 exd5 10. O-O Re8 11. Na4 Ne4 12. Bf4 Nf8 13. h3 Ng6 14. Bh2 Bd6 15.
Bxd6 Nxd6 16. Nc5 f5 17. Re1 Ne4 18. b4 Qf6 19. a4 Rf8 20. Qc2 Ng5 21. Nxg5
Qxg5 22. Kh1 Nh4 23. Rg1 f4 24. e4 Qh6 25. Bf1 Nf3 26. gxf3 Bxh3 27. Rg2 Bxg2+
28. Kxg2 Qg5+ 29. Kh2 Rf6 30. Bh3 Rh6 31. Rh1 Rf8 32. Nd7 dxe4 33. Nxf8 Qh4 34.
Kg1 Qg5+ 35. Kf1 exf3 36. Qb3+ Kxf8 37. Qxf3 Rf6 38. Bc8 Qg6 39. Qd1 f3 40. Rg1
Qe8 41. Bg4 Qe4 42. Rg3 1-0

[Event "Noisiel 5th op"]
[Site "Noisiel"]
[Date "2020.02.18"]
[Round "6"]
[White "Galan, Francois"]
[Black "Dorval, Olivier"]
[Result "1/2-1/2"]
[WhiteElo "2025"]
[BlackElo "1883"]
[PlyCount "143"]
[EventDate "2020.02.15"]
[EventType "swiss"]
[EventRounds "9"]
[EventCountry "FRA"]

1. e4 e6 2. d4 d5 3. Nc3 Nf6 4. Bg5 Be7 5. e5 Nfd7 6. Bxe7 Qxe7 7. f4 a6 8. Nf3
c5 9. dxc5 Nxc5 10. Bd3 Nc6 11. O-O Nxd3 12. cxd3 b5 13. Rc1 Bb7 14. d4 g6 15.
Rf2 Rc8 16. a4 b4 17. Nb1 O-O 18. Rfc2 Nb8 19. Rxc8 Rxc8 20. Rxc8+ Bxc8 21. Qc2
Qd7 22. Nbd2 Qc6 23. Qxc6 Nxc6 24. Nb3 Kf8 25. Nc5 Ke7 26. Kf2 h6 27. g4 a5 28.
b3 Kf8 29. Ke3 Ke7 30. h4 Kf8 31. Ne1 Kg7 32. Ng2 f5 33. exf6+ Kxf6 34. g5+ Kg7
35. Ne1 Ne7 36. Nf3 h5 37. f5 Nxf5+ 38. Kf4 Kf8 39. Ke5 Kf7 40. Nd3 Bd7 41. Kf4
Ke7 42. Nc5 Bc8 43. Ke5 Kf7 44. Nd3 Bd7 45. Nf4 Bc8 46. Ng2 Ke7 47. Kf4 Bd7 48.
Ne3 Kd6 49. Nxf5+ exf5 50. Ne5 Be8 51. Nd3 Bd7 52. Ke3 Be8 53. Nc5 Bc6 54. Kf4
Ba8 55. Nd3 Bc6 56. Ne5 Be8 57. Ke3 Ke6 58. Nd3 Kd6 59. Nf4 Bf7 60. Nd3 Be8 61.
Kf4 Bd7 62. Nc1 Bc6 63. Ne2 Be8 64. Ng3 Ke6 65. Ke3 Kd6 66. Ne2 Bd7 67. Nf4 Be8
68. Nd3 Bd7 69. Kf4 Bc6 70. Nc5 Ba8 71. Ke3 Bc6 72. Kf4 1/2-1/2

[Event "Noisiel 5th op"]
[Site "Noisiel"]
[Date "2020.02.19"]
[Round "7"]
[White "Gatineau, Yovann"]
[Black "Nikolov, Momchil"]
[Result "1/2-1/2"]
[WhiteElo "2381"]
[BlackElo "2539"]
[PlyCount "92"]
[EventDate "2020.02.15"]
[EventType "swiss"]
[EventRounds "9"]
[EventCountry "FRA"]

1. Nf3 c5 2. c4 Nf6 3. b3 d5 4. cxd5 Nxd5 5. Bb2 Nc6 6. Nc3 Bg4 7. e3 e6 8. Be2
Ndb4 9. d4 cxd4 10. Nxd4 Bxe2 11. Qxe2 Nxd4 12. exd4 Be7 13. d5 O-O 14. O-O
Nxd5 15. Nxd5 Qxd5 16. Rfd1 Qg5 17. Qf3 b6 18. Rd7 Bf6 19. Bxf6 Qxf6 20. Qxf6
gxf6 21. Rc1 Rfc8 22. Rxc8+ Rxc8 23. g3 a5 24. Rd6 Rb8 25. Rd7 f5 26. Kg2 Kg7
27. h4 h5 28. Re7 Kf6 29. Rd7 Kg6 30. Rc7 e5 31. Kf3 f6 32. Rc6 e4+ 33. Ke3 b5
34. Ra6 Rc8 35. Rxa5 Rc3+ 36. Kd2 b4 37. Rb5 Rf3 38. Ke2 Rc3 39. Rxb4 Rc2+ 40.
Ke3 Rxa2 41. Rc4 Rb2 42. Rc3 Rb1 43. f3 Rg1 44. Kf2 Rb1 45. Ke3 Rg1 46. Kf2 Rb1
1/2-1/2

[Event "Noisiel 5th op"]
[Site "Noisiel"]
[Date "2020.02.19"]
[Round "7"]
[White "Dimitrov, Radoslav"]
[Black "Enchev, Ivajlo"]
[Result "1/2-1/2"]
[WhiteElo "2519"]
[BlackElo "2496"]
[PlyCount "106"]
[EventDate "2020.02.15"]
[EventType "swiss"]
[EventRounds "9"]
[EventCountry "FRA"]

1. c4 e6 2. Nc3 d5 3. d4 a6 4. cxd5 exd5 5. Bf4 Nf6 6. e3 Bd6 7. Bg5 c6 8. Bd3
Be6 9. Nge2 O-O 10. Qc2 h6 11. Bh4 Nbd7 12. h3 b5 13. O-O Rc8 14. Rad1 c5 15.
dxc5 Rxc5 16. Qd2 Ne5 17. Nd4 Nc4 18. Bxc4 Rxc4 19. Bxf6 Qxf6 20. Nxe6 Qxe6 21.
Nxd5 Rfc8 22. Qd3 R8c6 23. b3 Rc2 24. Rd2 Qe5 25. g3 Rxd2 26. Qxd2 Qf5 27. Qd4
Rc2 28. a4 Kh8 29. Nf4 Bxf4 30. exf4 bxa4 31. Qxa4 a5 32. Re1 Qc5 33. Qe8+ Kh7
34. Qe3 Qxe3 35. Rxe3 Ra2 36. f5 a4 37. bxa4 Rxa4 38. Re7 Kg8 39. g4 h5 40. f3
Ra2 41. Kf1 f6 42. Re2 Ra3 43. Kg2 hxg4 44. fxg4 g6 45. fxg6 Kg7 46. h4 Kxg6
47. Rf2 Ra5 48. Kg3 f5 49. g5 Ra4 50. Rf4 Ra3+ 51. Rf3 Ra4 52. Rf4 Ra3+ 53. Kg2
Ra2+ 1/2-1/2

[Event "Noisiel 5th op"]
[Site "Noisiel"]
[Date "2020.02.19"]
[Round "7"]
[White "Solodovnichenko, Yuri"]
[Black "Bailet, Pierre"]
[Result "1-0"]
[WhiteElo "2567"]
[BlackElo "2506"]
[PlyCount "77"]
[EventDate "2020.02.15"]
[EventType "swiss"]
[EventRounds "9"]
[EventCountry "FRA"]

1. e4 e5 2. Nf3 Nc6 3. Bb5 a6 4. Ba4 Nf6 5. O-O Be7 6. Re1 b5 7. Bb3 d6 8. c3
O-O 9. h3 Nb8 10. d4 Nbd7 11. c4 b4 12. a3 c5 13. d5 a5 14. Ba4 Rb8 15. Nbd2
Nb6 16. Bc2 Re8 17. b3 Bf8 18. Nf1 a4 19. axb4 cxb4 20. Bd2 axb3 21. Bxb3 Nbd7
22. Ba4 Nc5 23. Bxe8 Qxe8 24. Ng3 b3 25. Bg5 Nfd7 26. Be3 Ba6 27. Nd2 Qc8 28.
Qg4 b2 29. Ra3 Bxc4 30. Bxc5 Qxc5 31. Rf3 Bb5 32. Rxf7 Nf6 33. Rxf6 Qc1 34. Nf5
Qxe1+ 35. Kh2 g6 36. Ne7+ Kh8 37. Nxg6+ hxg6 38. Rxg6 Bg7 39. Qh4+ 1-0

[Event "Noisiel 5th op"]
[Site "Noisiel"]
[Date "2020.02.19"]
[Round "7"]
[White "Velten, Paul"]
[Black "Maiorov, Nikita"]
[Result "1/2-1/2"]
[WhiteElo "2483"]
[BlackElo "2506"]
[PlyCount "33"]
[EventDate "2020.02.15"]
[EventType "swiss"]
[EventRounds "9"]
[EventCountry "FRA"]

1. c4 Nf6 2. d4 e6 3. Nf3 b6 4. g3 Bb7 5. Bg2 Bb4+ 6. Bd2 a5 7. O-O O-O 8. Bg5
Be7 9. Nc3 Ne4 10. Bxe7 Qxe7 11. Qc2 Nxc3 12. Qxc3 d6 13. Rfe1 f5 14. Red1 Nd7
15. Rac1 Be4 16. Ne1 Bxg2 17. Nxg2 1/2-1/2

[Event "Noisiel 5th op"]
[Site "Noisiel"]
[Date "2020.02.19"]
[Round "7"]
[White "Rostgaard, Tobias Valentin"]
[Black "Terrieux, Kevin"]
[Result "1-0"]
[WhiteElo "2364"]
[BlackElo "2453"]
[PlyCount "103"]
[EventDate "2020.02.15"]
[EventType "swiss"]
[EventRounds "9"]
[EventCountry "FRA"]

1. d4 d5 2. Nf3 Nf6 3. e3 c5 4. Bd3 Nc6 5. c3 Bg4 6. h3 Bh5 7. Nbd2 e6 8. O-O
cxd4 9. exd4 Bd6 10. b3 O-O 11. Bb2 Rc8 12. Rc1 Bf4 13. Be2 Ne4 14. Ra1 Bg6 15.
g3 Nxd2 16. Nxd2 Bb8 17. f4 f6 18. Bg4 Bf7 19. h4 g5 20. Ba3 Ne7 21. fxg5 f5
22. Bh5 Rxc3 23. Bxf7+ Rxf7 24. Rf3 Rxf3 25. Nxf3 Bxg3 26. Qe2 Qa5 27. Bc5 Qc3
28. Rf1 b6 29. Ba3 Qa5 30. Bxe7 Rxe7 31. Rc1 Qb4 32. Rc8+ Kg7 33. Kg2 Qd6 34.
h5 h6 35. g6 Qf4 36. Qe5+ Qxe5 37. dxe5 Bf4 38. Kf2 d4 39. Ke2 Rd7 40. Kd3 Rd5
41. Rc7+ Kg8 42. Rc8+ Kg7 43. Rc7+ Kg8 44. Re7 Bxe5 45. Rxe6 Bg3 46. Kc4 Rc5+
47. Kxd4 f4 48. Ne5 f3 49. Re8+ Kg7 50. Re7+ Kg8 51. Ng4 Be5+ 52. Nxe5 1-0

[Event "Noisiel 5th op"]
[Site "Noisiel"]
[Date "2020.02.19"]
[Round "7"]
[White "Hansen, Mads"]
[Black "Shailesh, Dravid"]
[Result "1/2-1/2"]
[WhiteElo "2394"]
[BlackElo "2269"]
[PlyCount "133"]
[EventDate "2020.02.15"]
[EventType "swiss"]
[EventRounds "9"]
[EventCountry "FRA"]

1. c4 Nf6 2. g3 g6 3. Bg2 Bg7 4. Nc3 O-O 5. e4 d6 6. Nge2 c5 7. O-O Nc6 8. d3
Bd7 9. h3 Ne8 10. Be3 Nd4 11. Rb1 Rb8 12. b4 a6 13. a4 Nc7 14. bxc5 dxc5 15. f4
b5 16. axb5 axb5 17. e5 f6 18. exf6 Bxf6 19. Ne4 Nce6 20. Nxc5 Nf5 21. Bf2 Nxc5
22. Bxc5 Qc7 23. Bf2 b4 24. Qe1 Qd6 25. g4 Nd4 26. Nxd4 Bxd4 27. Bd5+ e6 28.
Bxd4 exd5 29. c5 Qe6 30. Qxe6+ Bxe6 31. Rfe1 Bd7 32. Re7 Rf7 33. Rxf7 Kxf7 34.
Ra1 b3 35. Ra7 Ke8 36. Bb2 Rb4 37. Kf2 Rxf4+ 38. Ke3 Rf1 39. Rb7 Rh1 40. Kd4
Rxh3 41. Rxb3 Bc6 42. Ke5 Kd7 43. Ra3 Bb5 44. Ra7+ Kc6 45. d4 Rh4 46. g5 Rh2
47. Bc3 h5 48. gxh6 Rxh6 49. Ba5 Bc4 50. Bd8 Rh2 51. Rc7+ Kb5 52. Kd6 Rh8 53.
Rb7+ Ka6 54. Rb6+ Ka7 55. Bc7 g5 56. c6 g4 57. Rb7+ Ka8 58. Rb1 Rh2 59. Ra1+
Ra2 60. Rxa2+ Bxa2 61. Kc5 Ka7 62. Bg3 Bc4 63. Kd6 Kb6 64. Bf4 Bb5 65. c7 Kb7
66. Kxd5 Kc8 67. Kc5 1/2-1/2

[Event "Noisiel 5th op"]
[Site "Noisiel"]
[Date "2020.02.19"]
[Round "7"]
[White "Jonkman, Harmen"]
[Black "Ivanov, Mikhail M"]
[Result "1-0"]
[WhiteElo "2385"]
[BlackElo "2353"]
[PlyCount "67"]
[EventDate "2020.02.15"]
[EventType "swiss"]
[EventRounds "9"]
[EventCountry "FRA"]

1. e4 c5 2. Nf3 b6 3. Bc4 e6 4. O-O Bb7 5. Re1 a6 6. c3 b5 7. Bf1 Nf6 8. e5 Nd5
9. a4 b4 10. c4 Ne7 11. d4 cxd4 12. Nbd2 Nbc6 13. Nb3 Ng6 14. Nbxd4 Qc7 15.
Nxc6 Bxc6 16. h4 d6 17. exd6 Bxd6 18. c5 Bxc5 19. h5 Qa7 20. Be3 Bxe3 21. Rxe3
Ne7 22. h6 g6 23. Ne5 O-O 24. Rc1 Bd5 25. Ng4 f5 26. Ne5 Rac8 27. b3 f4 28. Rd3
Rxc1 29. Qxc1 a5 30. Ng4 Nc6 31. Rxd5 exd5 32. Qxc6 Qd4 33. Qe6+ Kh8 34. Qe7
1-0

[Event "Noisiel 5th op"]
[Site "Noisiel"]
[Date "2020.02.19"]
[Round "7"]
[White "Mohammad, Nubairshah Shaikh"]
[Black "D'Cunha, Viani Antonio"]
[Result "1-0"]
[WhiteElo "2415"]
[BlackElo "2403"]
[PlyCount "99"]
[EventDate "2020.02.15"]
[EventType "swiss"]
[EventRounds "9"]
[EventCountry "FRA"]

1. d4 Nf6 2. c4 g6 3. Nc3 Bg7 4. e4 d6 5. Nf3 O-O 6. Be2 e5 7. O-O Nc6 8. d5
Ne7 9. b4 Nh5 10. Re1 a5 11. bxa5 Rxa5 12. a4 c5 13. Ra3 h6 14. Nb5 Ra6 15. Nd2
Nf6 16. Qc2 Ne8 17. Nf1 f5 18. exf5 gxf5 19. f4 exf4 20. Bxf4 Ng6 21. Bd2 Nf6
22. Ng3 Ne4 23. Nxe4 fxe4 24. Qxe4 Bf5 25. Qe3 Qd7 26. Rf1 Raa8 27. Qg3 Be5 28.
Bf4 Kh7 29. Bxe5 Nxe5 30. Re3 Rg8 31. Qf4 Bh3 32. Rg3 Rgf8 33. Qxf8 Rxf8 34.
Rxf8 Qe7 35. Rf4 Bd7 36. Nc3 Be8 37. Ne4 Ng6 38. Bd3 Qe5 39. Nf6+ Kh8 40. Rf1
Qd4+ 41. Kh1 Bf7 42. Bxg6 Qxc4 43. Ra1 Qb4 44. Rb1 Qd4 45. Bxf7 Qxf6 46. Be6 b6
47. a5 b5 48. a6 Qf2 49. Ra3 Qe2 50. Raa1 1-0

[Event "Noisiel 5th op"]
[Site "Noisiel"]
[Date "2020.02.19"]
[Round "7"]
[White "Bassini, Emile"]
[Black "Popov, Konstantin"]
[Result "1/2-1/2"]
[WhiteElo "2244"]
[BlackElo "2391"]
[PlyCount "82"]
[EventDate "2020.02.15"]
[EventType "swiss"]
[EventRounds "9"]
[EventCountry "FRA"]

1. e4 c5 2. Nf3 e6 3. d4 cxd4 4. Nxd4 Nc6 5. Nc3 Qc7 6. Be3 a6 7. Qd2 Nf6 8.
O-O-O Bb4 9. f3 O-O 10. g4 b5 11. Nxc6 dxc6 12. Qf2 Nd7 13. f4 c5 14. Bg2 Bb7
15. g5 Nb6 16. Ne2 Nc4 17. c3 Nxe3 18. Qxe3 Ba5 19. Ng3 c4 20. Nh5 Rfd8 21. a3
Bb6 22. Qg3 a5 23. e5 b4 24. Nf6+ Kh8 25. Qh4 gxf6 26. g6 fxg6 27. Qxf6+ Qg7
28. Bxb7 Qxf6 29. exf6 Rab8 30. Ba6 bxa3 31. bxa3 Rf8 32. Kc2 Rxf6 33. Bxc4 Bc5
34. Rb1 Rxb1 35. Rxb1 Rxf4 36. Bxe6 Rf2+ 37. Kd3 Bxa3 38. Ra1 Be7 39. Rxa5 Rxh2
40. Ra7 Bg5 41. c4 Rd2+ 1/2-1/2

[Event "Noisiel 5th op"]
[Site "Noisiel"]
[Date "2020.02.19"]
[Round "7"]
[White "Bonte, Andrei Mihai"]
[Black "Gavasheli, Ana"]
[Result "0-1"]
[WhiteElo "2302"]
[BlackElo "2232"]
[PlyCount "76"]
[EventDate "2020.02.15"]
[EventType "swiss"]
[EventRounds "9"]
[EventCountry "FRA"]

1. d4 d5 2. c4 e6 3. Nc3 Be7 4. Bf4 Nf6 5. e3 O-O 6. Nf3 c6 7. Qc2 Nbd7 8. a3
b6 9. cxd5 exd5 10. Bd3 Bb7 11. O-O c5 12. Ne5 c4 13. Bf5 g6 14. Bh3 Nxe5 15.
dxe5 Nh5 16. Bh6 Re8 17. Rad1 Bc5 18. Nxd5 Bxd5 19. e4 Rxe5 20. Rxd5 Rxd5 21.
exd5 Qxd5 22. Rd1 Re8 23. g3 Qf3 24. Bg2 Qf6 25. Qd2 Ng7 26. Bd5 Ne6 27. Re1
Qd4 28. Qxd4 Bxd4 29. Bxc4 Bxb2 30. a4 Bg7 31. Be3 Rc8 32. Ba6 Rd8 33. Kg2 Bd4
34. Bh6 Bg7 35. Be3 h5 36. Re2 Bd4 37. Bc1 Nc5 38. Bg5 Rd5 0-1

[Event "Noisiel 5th op"]
[Site "Noisiel"]
[Date "2020.02.19"]
[Round "7"]
[White "Mohite, Ranveer"]
[Black "Parnali, S Dharia"]
[Result "1/2-1/2"]
[WhiteElo "2231"]
[BlackElo "2275"]
[PlyCount "30"]
[EventDate "2020.02.15"]
[EventType "swiss"]
[EventRounds "9"]
[EventCountry "FRA"]

1. e4 e5 2. Nf3 Nc6 3. Bb5 a6 4. Ba4 Nf6 5. O-O Nxe4 6. d4 b5 7. Bb3 d5 8. dxe5
Be6 9. Nbd2 Be7 10. c3 O-O 11. Bc2 Nxd2 12. Bxd2 d4 13. Qe2 Bc4 14. Qe4 d3 15.
Bb1 Qd5 1/2-1/2

[Event "Noisiel 5th op"]
[Site "Noisiel"]
[Date "2020.02.19"]
[Round "7"]
[White "Degardin, Sylvain"]
[Black "Jeet, Jain"]
[Result "1/2-1/2"]
[WhiteElo "2259"]
[BlackElo "2223"]
[PlyCount "75"]
[EventDate "2020.02.15"]
[EventType "swiss"]
[EventRounds "9"]
[EventCountry "FRA"]

1. e4 e5 2. Nf3 Nc6 3. Bb5 a6 4. Ba4 Nf6 5. O-O Be7 6. d3 b5 7. Bb3 d6 8. a3
Na5 9. Ba2 c5 10. Nc3 Be6 11. Nh4 Bxa2 12. Rxa2 Nxe4 13. dxe4 Bxh4 14. Qg4 Bf6
15. Nd5 Nc4 16. Rd1 O-O 17. Qf5 Be7 18. Rd3 g6 19. Bh6 gxf5 20. Rg3+ Bg5 21.
Bxg5 f4 22. Bxd8+ fxg3 23. Bf6 gxf2+ 24. Kxf2 h6 25. b3 Na5 26. Be7 Nc6 27.
Bxd6 Rfd8 28. Bxc5 Kg7 29. g4 Rac8 30. c3 Nb8 31. Bb4 Nd7 32. Kf3 Nc5 33. Ne7
Rc7 34. Nd5 Rc6 35. Ne7 Rc7 36. Nd5 Rcc8 37. Ne7 Rc7 38. Nd5 1/2-1/2

[Event "Noisiel 5th op"]
[Site "Noisiel"]
[Date "2020.02.19"]
[Round "7"]
[White "Moreby, James"]
[Black "Ahmed Holi Ali, Moawia"]
[Result "1-0"]
[WhiteElo "2235"]
[BlackElo "2121"]
[PlyCount "109"]
[EventDate "2020.02.15"]
[EventType "swiss"]
[EventRounds "9"]
[EventCountry "FRA"]

1. d4 Nf6 2. Nc3 d5 3. Bf4 a6 4. e3 Bf5 5. f3 h6 6. g4 Bg6 7. h4 e6 8. Bd3 Bxd3
9. Qxd3 Bd6 10. Nge2 c5 11. dxc5 Bxc5 12. O-O-O Nc6 13. a3 b5 14. Nd4 Nxd4 15.
exd4 Bd6 16. Be5 Rc8 17. Rhe1 Bxe5 18. dxe5 Nd7 19. h5 O-O 20. f4 Rc4 21. Qd2
Qh4 22. b3 Rc7 23. Ne2 Rfc8 24. Nd4 Nc5 25. Kb2 Qxg4 26. Qh2 Nxb3 27. cxb3 Rc3
28. Rg1 Rh3 29. Qg2 Qxg2+ 30. Rxg2 Rxh5 31. Rc2 Rxc2+ 32. Kxc2 Rh4 33. f5 Re4
34. fxe6 Rxe5 35. exf7+ Kxf7 36. Rf1+ Kg6 37. Kd3 h5 38. Nf3 Re4 39. Re1 Kf5
40. Rf1 g5 41. Nh4+ Kg4 42. Nf5 h4 43. Ne3+ Kh5 44. Nxd5 Re6 45. Ne3 h3 46. Rf8
Rh6 47. Rf2 g4 48. Nf5 Rh8 49. Ke2 Rc8 50. Ng3+ Kh4 51. Nf5+ Kg5 52. Ng3 Rc2+
53. Kf1 Rc1+ 54. Ke2 Rb1 55. Ne4+ 1-0

[Event "Noisiel 5th op"]
[Site "Noisiel"]
[Date "2020.02.19"]
[Round "7"]
[White "Peric, Slavisa"]
[Black "Bagheri, Amir"]
[Result "0-1"]
[WhiteElo "2081"]
[BlackElo "2361"]
[PlyCount "61"]
[EventDate "2020.02.15"]
[EventType "swiss"]
[EventRounds "9"]
[EventCountry "FRA"]

1. d4 Nf6 2. Nf3 g6 3. c4 d6 4. Nc3 Bf5 5. h3 Ne4 6. Nxe4 Bxe4 7. Nd2 Bf5 8. e4
Bd7 9. Nf3 Bg7 10. Be3 c5 11. Qd2 cxd4 12. Bxd4 Bxd4 13. Nxd4 Qb6 14. Be2 Bc6
15. f3 Nd7 16. b4 Nf6 17. Nc2 a5 18. b5 Bd7 19. Qd4 Qxd4 20. Nxd4 Rc8 21. O-O
e5 22. Nb3 b6 23. Nd2 Be6 24. f4 Ke7 25. f5 Bd7 26. g4 Rhg8 27. Kf2 h6 28. Rg1
Rcf8 29. Ke3 Bc8 30. Nb1 gxf5 31. gxf5 0-1

[Event "Noisiel 5th op"]
[Site "Noisiel"]
[Date "2020.02.19"]
[Round "7"]
[White "Roebers, Jan"]
[Black "Meillon, Judicael"]
[Result "0-1"]
[WhiteElo "2188"]
[BlackElo "2051"]
[PlyCount "64"]
[EventDate "2020.02.15"]
[EventType "swiss"]
[EventRounds "9"]
[EventCountry "FRA"]

1. e4 d6 2. d4 Nf6 3. Bd3 e5 4. c3 Nbd7 5. f4 c5 6. Nf3 cxd4 7. cxd4 exd4 8.
O-O Nc5 9. Re1 Be7 10. Bb5+ Bd7 11. Bxd7+ Qxd7 12. Qxd4 O-O 13. Nc3 Rac8 14. h3
Bd8 15. Kh1 Bb6 16. Nd5 Nxd5 17. Qxd5 Qe6 18. Bd2 Qxd5 19. exd5 Nd3 20. Re7 Rc7
21. Rxc7 Bxc7 22. Ne1 Nxb2 23. Rb1 Nc4 24. Rxb7 Bb6 25. Bb4 h6 26. Nf3 Ne3 27.
Bxd6 Rc8 28. Rb8 Rxb8 29. Bxb8 Nxd5 30. g3 a5 31. Bd6 Nc3 32. Ne5 Nxa2 0-1

[Event "Noisiel 5th op"]
[Site "Noisiel"]
[Date "2020.02.19"]
[Round "7"]
[White "Schmit, Vincent"]
[Black "Le Pen, Steven"]
[Result "0-1"]
[WhiteElo "2171"]
[BlackElo "2047"]
[PlyCount "120"]
[EventDate "2020.02.15"]
[EventType "swiss"]
[EventRounds "9"]
[EventCountry "FRA"]

1. e4 c5 2. Nf3 d6 3. Bb5+ Nd7 4. c4 a6 5. Bxd7+ Bxd7 6. d4 cxd4 7. Nxd4 Nf6 8.
Nc3 Rc8 9. Qe2 g6 10. Nd5 Bg7 11. Nxf6+ Bxf6 12. Be3 Qa5+ 13. Qd2 Qxd2+ 14.
Kxd2 Rxc4 15. Kd3 Rc8 16. Rac1 O-O 17. Rxc8 Rxc8 18. Rc1 Rxc1 19. Bxc1 Kf8 20.
Kc4 Ke8 21. b3 Kd8 22. a4 Kc7 23. a5 e5 24. Nf3 Bb5+ 25. Kc3 Bf1 26. g3 Bg2 27.
Ng5 Bxg5 28. Bxg5 Bxe4 29. b4 Bf3 30. Bf6 Kd7 31. Kd3 Ke6 32. Bd8 d5 33. Ke3
Bg4 34. Kd3 Bh3 35. Ke3 d4+ 36. Ke2 Kd5 37. Be7 Bd7 38. h4 f5 39. Kd2 Bb5 40.
Bf6 Ke4 41. Bg5 Kd5 42. Bf6 Ke4 43. Bg5 f4 44. gxf4 exf4 45. Bf6 d3 46. Be7 Kf3
47. Bc5 Kg4 48. Be7 h6 49. Bf8 Kxh4 50. Bxh6 g5 51. Ke1 Kh5 52. Bf8 g4 53. Bd6
Kg5 54. Bc7 Kf5 55. Bd6 Ke4 56. Bc5 Kf3 57. Bb6 g3 58. fxg3 fxg3 59. Bc7 d2+
60. Kxd2 Kf2 0-1

[Event "Noisiel 5th op"]
[Site "Noisiel"]
[Date "2020.02.19"]
[Round "7"]
[White "Godebert, Florian"]
[Black "Boulos, Carlos"]
[Result "1/2-1/2"]
[WhiteElo "2002"]
[BlackElo "2137"]
[PlyCount "82"]
[EventDate "2020.02.15"]
[EventType "swiss"]
[EventRounds "9"]
[EventCountry "FRA"]

1. d4 d5 2. Bf4 Nf6 3. e3 e6 4. Nd2 c5 5. c3 Nc6 6. Ngf3 Bd6 7. Bg3 O-O 8. Bd3
b6 9. e4 dxe4 10. Nxe4 Nxe4 11. Bxe4 Bb7 12. dxc5 Bxc5 13. Qa4 Rc8 14. Rd1 Qe7
15. O-O a5 16. a3 f5 17. Bb1 e5 18. b4 Bd6 19. Bh4 Qe6 20. Ng5 Qg6 21. Ba2+ Kh8
22. Nf7+ Rxf7 23. Bxf7 Qxf7 24. Rxd6 Qc4 25. Bg5 Qg4 26. Bd8 h6 27. f3 Qf4 28.
Bxb6 e4 29. Qd1 Ba6 30. g3 Qe5 31. Re1 Qxc3 32. fxe4 Ne5 33. Re3 Qb2 34. Rb3
Nf3+ 35. Qxf3 Rc1+ 36. Rd1 Qc2 37. Rb1 Rxb1 38. Rxb1 Qxb1+ 39. Kf2 fxe4 40.
Qf8+ Kh7 41. Qf5+ Kh8 1/2-1/2